Organické vlákna v cementových kompozitoch
Saved in:
| Main Author: | |
|---|---|
| Other Authors: | |
| Format: | Manuscript Book |
| Language: | Slovak |
| Published: |
2021
|
| Subjects: | |
| Online Access: | http://is.stuba.sk/zp/portal_zp.pl?podrobnosti=159281 https://opac.crzp.sk/?fn=detailBiblioForm&sid=1D055279E2D1258CB5792E1E7F1A |
| Tags: |
No Tags, Be the first to tag this record!
|
MARC
| LEADER | 00000ntm a22000003a 4500 | ||
|---|---|---|---|
| 001 | stuzp84315 | ||
| 003 | SK-STU | ||
| 005 | 20230515105039.2 | ||
| 007 | ta | ||
| 008 | 150427s2015----xo-----f-mn---000-0-slo-d | ||
| 040 | |a STU |b slo | ||
| 041 | 0 | |a slo | |
| 100 | 1 | |a Pastieriková, Lenka |u 010200 |4 aut |U SvF Stavebná fakulta |T SvF Katedra materiálového inžinierstva a fyziky |X 82599 |U V200 |Y 844 |7 82599 | |
| 242 | 0 | 1 | |a Organic Fibers in Cement Composites |y eng |
| 245 | 1 | 0 | |a Organické vlákna v cementových kompozitoch |
| 260 | |c 2021 | ||
| 650 | 4 | |a kompozit |2 slo | |
| 650 | 4 | |a cement |2 slo | |
| 650 | 4 | |a organické vlákna |2 slo | |
| 650 | 4 | |a organic fibers |2 eng | |
| 650 | 4 | |a composite |2 eng | |
| 650 | 4 | |a cement |2 eng | |
| 700 | 1 | |a Gregorová, Valéria |u 010200 |k Z1 |4 ths |U SvF Stavebná fakulta |T SvF Katedra materiálového inžinierstva a fyziky |X 39102 |U V200 |Y 844 |7 A000039102 | |
| 856 | 4 | |u http://is.stuba.sk/zp/portal_zp.pl?podrobnosti=159281 | |
| 856 | 4 | |u https://opac.crzp.sk/?fn=detailBiblioForm&sid=1D055279E2D1258CB5792E1E7F1A | |